000 nam a22 7a 4500
999 _c9639
_d9639
008 180205b ||||| |||| 00| 0 eng d
100 _aKasturia,K.
_95765
245 _aOpposite Fun
260 _aNew Delhi
_bCBT
_c2014